000 00859nmm a2200277 a 4500
001 ocm000552754
003 TR-IsHL
005 20201028122106.0
008 110704s2011 tu tur
007 cr cn
020 _a9786054033218
035 _a552754
_b(N$T)
050 0 4 _aDS735
_b.K37 2011
090 0 4 _aDS735
_b.K37 2011
100 1 _aKarlova, U. Rıfat
245 1 0 _aÇin modern tarihinde yolculuk: bir süper gücün yakın geçmişi
_h[electronic resource] /
_cU. Rıfat Karlova
250 _a1 bs.
260 _aİstanbul :
_bBaşlık Yayın Grubu,
_c2011
300 _a194 p.
650 4 _aTarih
650 4 _aHistory
650 0 _aÇin
_x Tarihi
650 0 _aChina
_x History
650 7 _aHISTORY / Asia / China
_2bisacsh
856 4 0 _uhttp://search.ebscohost.com/login.aspx?direct=true&scope=site&db=e011xww&AN=552754
999 _c1682
_d1682